[Event "Madrid Alcorcon op 1st"]
[Site "Madrid"]
[Date "2022.12.28"]
[Round "5"]
[White "Vera Avila, Endelberth"]
[Black "Madrigal, Ana Daniela"]
[Result "1/2-1/2"]
[WhiteElo "1751"]
[BlackElo "1994"]
[PlyCount "68"]
[EventDate "2022.12.26"]
[EventType "swiss"]
[EventRounds "9"]
[EventCountry "ESP"]
[SourceTitle "CBM 212 Extra"]
[Source "ChessBase"]
[SourceDate "2023.03.31"]
[SourceVersion "1"]
[SourceVersionDate "2023.03.31"]
[SourceQuality "1"]

1. d4 Nf6 2. Nf3 g6 3. e3 Bg7 4. Be2 0-0 5. c4 d6 6. Nc3 Nbd7 7. b4 Re8 8. 0-0 e5 9. a4 exd4 10. exd4 a5 11. b5 Ne4 12. Bb2 Ndf6 13. h3 Nxc3 14. Bxc3 Ne4 15. Bb2 Bf5 16. Re1 c6 17. Ra2 cxb5 18. cxb5 Rc8 19. Bd3 d5 20. Ba1 Qf6 21. Rc2 Rxc2 22. Bxc2 h5 23. Nd2 Nd6 24. Rxe8+ Nxe8 25. Bxf5 Qxf5 26. Qf3 Nd6 27. Qxf5 Nxf5 28. Nf3 Nd6 29. Bc3 b6 30. Ne5 Nc4 31. f4 Kf8 32. Kf2 Ke7 33. Ke2 Ke6 34. Kd3 Nd6 1/2-1/2

[Event "Olympiad Women-41"]
[Site "Tromsoe"]
[Date "2014.08.05"]
[Round "4.1"]
[White "Madrigal, Ana Daniela"]
[Black "Jaiswal, Bina"]
[Result "1-0"]
[WhiteElo "1986"]
[BlackElo "1592"]
[PlyCount "62"]
[EventDate "2014.08.02"]
[EventType "team-swiss"]
[EventRounds "11"]
[EventCountry "NOR"]
[SourceTitle "CBM 162"]
[Source "ChessBase"]
[SourceDate "2014.09.17"]
[SourceVersion "1"]
[SourceVersionDate "2014.09.17"]
[SourceQuality "1"]
[WhiteTeam "Nicaragua (W)"]
[BlackTeam "Nepal (W)"]
[WhiteTeamCountry "NCA"]
[BlackTeamCountry "NEP"]

1. d4 e6 2. c4 d5 3. Nc3 Nf6 4. cxd5 exd5 5. Bg5 Be7 6. e3 h6 7. Bh4 Bf5 8. Qb3 c6 9. Qxb7 Qb6 10. Qxb6 axb6 11. Nf3 b5 12. Be2 b4 13. Nd1 b3 14. a3 Bb4+ 15. Kf1 Ne4 16. Rc1 Nd2+ 17. Kg1 Nxf3+ 18. gxf3 Bd2 19. Rc5 Kd7 20. e4 Na6 21. Bxa6 Rxa6 22. exf5 Re8 23. Kg2 Re2 24. Bg3 Ra4 25. Rc3 Rxd4 26. Rxb3 Kc8 27. Nc3 Bxc3 28. bxc3 Rc4 29. Rhb1 Kd8 30. Rb7 Ke8 31. Ra7 Re7 1-0

[Event "Managua Sub zt 2.3.2 (Women)"]
[Site "Managua"]
[Date "2014.04.29"]
[Round "4"]
[White "Madrigal, Ana Daniela"]
[Black "Chung Hurtado, Yaleika"]
[Result "1/2-1/2"]
[WhiteElo "2000"]
[BlackElo "1764"]
[PlyCount "51"]
[EventDate "2014.04.27"]
[EventType "swiss"]
[EventRounds "9"]
[EventCountry "NCA"]
[SourceTitle "EXT 2016"]
[Source "ChessBase"]
[SourceDate "2015.10.08"]
[SourceVersion "1"]
[SourceVersionDate "2015.10.08"]
[SourceQuality "1"]

1. d4 d5 2. c4 c6 3. Nf3 Nf6 4. Nc3 dxc4 5. a4 Bf5 6. Ne5 Nbd7 7. Nxc4 Qc7 8. g3 e5 9. Bg2 Rd8 10. 0-0 Be6 11. Na3 exd4 12. Bf4 Bd6 13. Ncb5 cxb5 14. Nxb5 Bxf4 15. Nxc7+ Bxc7 16. Rc1 Bb6 17. Bxb7 0-0 18. b4 Rb8 19. Bg2 a5 20. b5 Nc5 21. Rb1 Rfd8 22. h4 Nfe4 23. Bxe4 Nxe4 24. Qd3 Nc3 25. Ra1 Rbc8 26. Rfe1 1/2-1/2

[Event "Olympiad Women-40"]
[Site "Istanbul"]
[Date "2012.09.04"]
[Round "7.1"]
[White "Madrigal, Ana Daniela"]
[Black "Smith, Olivia"]
[Result "0-1"]
[WhiteElo "2026"]
[BlackElo "2022"]
[PlyCount "74"]
[EventDate "2012.08.28"]
[EventType "team-swiss"]
[EventRounds "11"]
[EventCountry "TUR"]
[SourceTitle "CBM 150 Extra"]
[Source "ChessBase"]
[SourceDate "2012.10.19"]
[SourceVersion "1"]
[SourceVersionDate "2012.10.19"]
[SourceQuality "1"]
[WhiteTeam "Nicaragua (W)"]
[BlackTeam "Wales (W)"]
[WhiteTeamCountry "NCA"]
[BlackTeamCountry "WLS"]

1. d4 Nf6 2. Nf3 g6 3. c4 Bg7 4. Nc3 d6 5. e4 0-0 6. Be2 e5 7. 0-0 Nc6 8. d5 Ne7 9. Ne1 Kh8 10. Nd3 Nd7 11. Bd2 f5 12. Rc1 Nf6 13. f3 b6 14. b4 a5 15. c5 axb4 16. cxd6 cxd6 17. Nxb4 Nd7 18. Nd3 Ba6 19. Nb4 Bxe2 20. Qxe2 Nc5 21. Nb5 Qd7 22. Nc3 h6 23. Be3 g5 24. Rb1 fxe4 25. fxe4 Rxf1+ 26. Rxf1 Qe8 27. h4 gxh4 28. Qg4 Ng6 29. Rf5 Kh7 30. Nc6 Ra3 31. Bd2 Qd7 32. Qf3 Nh8 33. Qf2 Rxc3 34. Qxh4 Ng6 35. Qh5 Rd3 36. Qe2 Rxd2 37. Qxd2 Nxe4 0-1

[Event "Olympiad Women-40"]
[Site "Istanbul"]
[Date "2012.08.28"]
[Round "1.1"]
[White "Zozulia, Anna"]
[Black "Madrigal, Ana Daniela"]
[Result "1-0"]
[WhiteElo "2346"]
[BlackElo "2026"]
[PlyCount "97"]
[EventDate "2012.08.28"]
[EventType "team-swiss"]
[EventRounds "11"]
[EventCountry "TUR"]
[SourceTitle "CBM 150 Extra"]
[Source "ChessBase"]
[SourceDate "2012.10.19"]
[SourceVersion "1"]
[SourceVersionDate "2012.10.19"]
[SourceQuality "1"]
[WhiteTeam "Belgium (W)"]
[BlackTeam "Nicaragua (W)"]
[WhiteTeamCountry "BEL"]
[BlackTeamCountry "NCA"]

1. e4 e5 2. Nf3 Nf6 3. Nc3 Bb4 4. Nxe5 0-0 5. Be2 Re8 6. Nf3 Nxe4 7. Nxe4 Rxe4 8. c3 Bf8 9. d4 d5 10. Ne5 f6 11. Nf3 Bg4 12. 0-0 c6 13. Bd3 Re8 14. Qc2 h6 15. Nh4 Bh5 16. Be3 Nd7 17. Rfe1 Qc7 18. Bg6 Bxg6 19. Qxg6 Bd6 20. Bxh6 Rxe1+ 21. Rxe1 Nf8 22. Qxg7+ Qxg7 23. Bxg7 Bxh2+ 24. Kxh2 Kxg7 25. Re7+ Kh6 26. g4 Ng6 27. Nf5+ Kg5 28. Rg7 Kxg4 29. Ne7 Kf3 30. Nxg6 Kxf2 31. Rxb7 Rg8 32. Nh4 Rg4 33. Rh7 a5 34. Rh6 Ke2 35. Ng2 f5 36. Rf6 Rg5 37. Nh4 Rh5 38. Kh3 Kd2 39. Rxc6 f4 40. Kg4 Rh7 41. Rc5 Kc2 42. Rxa5 Kxb2 43. Rxd5 Kxc3 44. Nf5 Ra7 45. Kxf4 Rxa2 46. Rc5+ Kb4 47. Rc1 Rf2+ 48. Ke4 Re2+ 49. Ne3 1-0

[Event "NCA-chT Primera Division"]
[Site "Managua"]
[Date "2012.02.19"]
[Round "6.3"]
[White "Madrigal, Ana Daniela"]
[Black "Fonseca Cabrera, Ernesto Gregorio"]
[Result "0-1"]
[WhiteElo "1930"]
[BlackElo "2209"]
[PlyCount "76"]
[EventDate "2012.02.17"]
[EventType "swiss"]
[EventRounds "9"]
[EventCountry "NCA"]
[SourceTitle "EXT 2024"]
[Source "ChessBase"]
[SourceDate "2023.10.10"]
[SourceVersion "1"]
[SourceVersionDate "2023.10.10"]
[SourceQuality "1"]

1. d4 Nf6 2. Nf3 c5 3. e3 cxd4 4. exd4 d5 5. Bd3 Bg4 6. Bf4 Qb6 7. Nc3 Bxf3 8. Qxf3 Nc6 9. Bb5 e6 10. 0-0 Qxd4 11. Rad1 Qb6 12. Rfe1 Be7 13. g4 0-0 14. Bd3 g6 15. Bg5 Qd8 16. h4 Re8 17. Bb5 a6 18. Ba4 Nd7 19. Bxe7 Rxe7 20. Qg3 Nc5 21. Bb3 Nxb3 22. axb3 Qc7 23. Qg2 b5 24. Rd2 Qf4 25. Red1 Ne5 26. Rxd5 Nf3+ 27. Kf1 exd5 28. Nxd5 Rae8 29. Nxe7+ Rxe7 30. h5 Qe4 31. Qg3 Qe2+ 32. Kg2 Qxd1 33. Qb8+ Kg7 34. h6+ Kf6 35. Qh8+ Kg5 36. Qc8 Nh4+ 37. Kh2 Qxg4 38. Qc5+ Nf5 0-1

[Event "NCA-chT Primera Division"]
[Site "Managua"]
[Date "2012.02.17"]
[Round "2.6"]
[White "Madrigal, Ana Daniela"]
[Black "Ortiz, Marcos"]
[Result "1-0"]
[WhiteElo "1930"]
[BlackElo "2162"]
[PlyCount "93"]
[EventDate "2012.02.17"]
[EventType "swiss"]
[EventRounds "9"]
[EventCountry "NCA"]
[SourceTitle "EXT 2024"]
[Source "ChessBase"]
[SourceDate "2023.10.10"]
[SourceVersion "1"]
[SourceVersionDate "2023.10.10"]
[SourceQuality "1"]

1. d4 Nf6 2. c4 g6 3. Nc3 Bg7 4. e4 d6 5. Nf3 0-0 6. Be2 Na6 7. 0-0 e5 8. Be3 Ng4 9. Bg5 Qe8 10. dxe5 dxe5 11. h3 f6 12. Bd2 Nh6 13. Qc1 Nf7 14. a3 Nc5 15. Qc2 c6 16. b4 Ne6 17. c5 Nd4 18. Nxd4 exd4 19. Na2 f5 20. Rae1 Qxe4 21. Bd3 Qh4 22. f4 Kh8 23. Qc4 Nd8 24. Re2 b5 25. Qb3 a5 26. Rfe1 Ra7 27. Nc1 Raf7 28. Bb1 Bf6 29. Qd3 Qh6 30. Nb3 Qg7 31. Ba2 Rd7 32. Bc1 h6 33. Nd2 g5 34. Qxf5 d3 35. Re8 Re7 36. R8xe7 Qxe7 37. Rxe7 Bxf5 38. Ra7 Re8 39. Nf3 Re2 40. fxg5 hxg5 41. Bb1 d2 42. Bxd2 Bxb1 43. Bxg5 Bxg5 44. Nxg5 Rd2 45. Ra8 Bg6 46. Ne6 Ra2 47. Rxd8+ 1-0

[Event "NCA-ch"]
[Site "Managua"]
[Date "2011.09.11"]
[Round "9"]
[White "Madrigal, Ana Daniela"]
[Black "Picado, Jorge Luis"]
[Result "1/2-1/2"]
[WhiteElo "1913"]
[BlackElo "2218"]
[PlyCount "73"]
[EventDate "2011.08.20"]
[EventType "swiss"]
[EventRounds "9"]
[EventCountry "NCA"]
[SourceTitle "CBM 144 Extra"]
[Source "ChessBase"]
[SourceDate "2011.10.28"]
[SourceVersion "1"]
[SourceVersionDate "2011.10.28"]
[SourceQuality "1"]

1. d4 f5 2. c4 g6 3. g3 Bg7 4. Bg2 d6 5. Nc3 Nf6 6. Nf3 0-0 7. 0-0 c6 8. d5 c5 9. Ng5 Bd7 10. Rb1 Qc8 11. b3 Na6 12. Bb2 Nc7 13. a4 h6 14. Nf3 Qe8 15. Nb5 Nxb5 16. axb5 g5 17. Nd2 f4 18. e4 fxe3 19. fxe3 Qg6 20. e4 Ng4 21. Bxg7 Qxg7 22. Rxf8+ Rxf8 23. Nf3 Ne3 24. Qd2 Nxg2 25. Kxg2 b6 26. Re1 Bh3+ 27. Kxh3 Rxf3 28. Re3 g4+ 29. Kg2 Qg5 30. Rd3 Qf6 31. Qe2 Rxd3 32. Qxd3 Qb2+ 33. Kg1 Kg7 34. Qd1 Qd4+ 35. Qxd4+ cxd4 36. Kf2 Kg6 37. Ke2 1/2-1/2

[Event "NCA-ch"]
[Site "Managua"]
[Date "2011.09.04"]
[Round "7"]
[White "Salazar, Francisco"]
[Black "Madrigal, Ana Daniela"]
[Result "0-1"]
[WhiteElo "1950"]
[BlackElo "1913"]
[PlyCount "23"]
[EventDate "2011.08.20"]
[EventType "swiss"]
[EventRounds "9"]
[EventCountry "NCA"]
[SourceTitle "CBM 144 Extra"]
[Source "ChessBase"]
[SourceDate "2011.10.28"]
[SourceVersion "1"]
[SourceVersionDate "2011.10.28"]
[SourceQuality "1"]

1. e4 e5 2. d3 Nc6 3. Nc3 Bc5 4. Qg4 Nf6 5. Qxg7 Rg8 6. Qh6 Bxf2+ 7. Kd1 d5 8. exd5 Bg4+ 9. Nf3 Nd4 10. Be2 Nxe2 11. Kxe2 Rg6 12. Qd2 0-1

[Event "Managua Grand Prix 12th"]
[Site "Managua"]
[Date "2011.04.18"]
[Round "5.17"]
[White "Espinoza Roman, Juan Carlos"]
[Black "Madrigal, Ana Daniela"]
[Result "0-1"]
[WhiteElo "1837"]
[BlackElo "1918"]
[PlyCount "62"]
[EventDate "2011.04.16"]
[EventType "swiss"]
[EventRounds "7"]
[EventCountry "NCA"]
[SourceTitle "EXT 2024"]
[Source "ChessBase"]
[SourceDate "2023.10.10"]
[SourceVersion "1"]
[SourceVersionDate "2023.10.10"]
[SourceQuality "1"]

1. d4 Nf6 2. Bg5 Ne4 3. Bf4 d5 4. Nd2 Bf5 5. Ngf3 e6 6. e3 Be7 7. Ne5 f6 8. Nef3 g5 9. Bg3 h5 10. h3 Nxg3 11. fxg3 Bd6 12. Kf2 c6 13. Bd3 Bxd3 14. cxd3 Qc7 15. g4 Bg3+ 16. Ke2 Na6 17. gxh5 Rxh5 18. Nb3 0-0-0 19. Rc1 Rdh8 20. Rf1 f5 21. Kd2 g4 22. hxg4 fxg4 23. Ne1 Qg7 24. Kc2 Rh2 25. Qe2 Nb4+ 26. Kb1 Qg6 27. a3 Bxe1 28. axb4 Bxb4 29. Rf4 R8h4 30. Rcf1 Rh1 31. Rxg4 Rxf1+ 0-1